书目信息 |
| 题名: |
通过孔子而思
|
|
| 作者: | 安乐哲 , 郝大维 ;何金俐 译 | |
| 分册: | ||
| 出版信息: | 北京 北京大学 2005 |
|
| 页数: | 445页 | |
| 开本: | 19cm | |
| 丛书名: | ||
| 单 册: | ||
| 中图分类: | G04 | |
| 科图分类: | ||
| 主题词: | 传统文化--关系--现代文化 , 传统文化 , 现代文化 | |
| 电子资源: | ||
| ISBN: | 7-301-09332-2 | |
| 000 | 00672nam0 2200229 450 | |
| 001 | 0753865015 | |
| 005 | 20070818145745.01 | |
| 010 | @a7-301-09332-2@d¥46.00 | |
| 100 | @a20070818d km y0chiy0120 ea | |
| 101 | 0 | @achi |
| 200 | 1 | @a通过孔子而思@Atong guo kong zi er si@f(美)郝大维,安乐哲@F(mei)hao da wei,an yue zhe@g何金俐译@Ghe jin li yi |
| 210 | @a北京@c北京大学@d2005 | |
| 215 | @a445页@d19cm | |
| 606 | 0 | @a传统文化@x关系@x现代文化 |
| 606 | 0 | @a传统文化 |
| 606 | 0 | @a现代文化 |
| 690 | @aG04@v3 | |
| 701 | 0 | @a安乐哲@Aan yue zhe |
| 701 | 0 | @a郝大维@Ahao da wei |
| 702 | 0 | @a何金俐@Ahe jin li@4译 |
| 801 | 0 | @aCN@bPFT@c20070818 |
| 905 | @a213230@dG04@ee30@f1 | |
| 通过孔子而思/(美)郝大维,安乐哲/何金俐译.-北京:北京大学,2005 |
| 445页;19cm |
| ISBN 7-301-09332-2:¥46.00 |
| ● |
| 相关链接 |
|
|
|
|
正题名:通过孔子而思
索取号:G04/e30
 
预约/预借
| 序号 | 登录号 | 条形码 | 馆藏地/架位号 | 状态 | 备注 |
| 1 | 6304095 | 263040952 | 教育系资料室/ [索取号:G04/e30] | 在馆 | |
| 2 | 6304096 | 263040961 | 教育系资料室/ [索取号:G04/e30] | 在馆 |